[Event "Titled Tuesday intern op 03rd Jan Late"]
[Site "Chess.com INT"]
[Date "2025.06.03"]
[Round "1"]
[White "Ivashentseva, Dominika"]
[Black "Kislinsky, Alexey"]
[Result "0-1"]
[WhiteElo "1921"]
[BlackElo "2350"]
[PlyCount "66"]
[EventDate "2025.06.03"]
[EventType "swiss (blitz)"]
[EventRounds "11"]
[EventCountry "USA"]
[SourceTitle "CB24_2025"]
[SourceDate "2025.06.11"]
[SourceVersion "1"]
[SourceVersionDate "2025.06.11"]
[SourceQuality "1"]

1. d4 d5 2. c4 dxc4 3. Nf3 Nf6 4. Nc3 a6 5. a4 Nc6 6. e4 Bg4 7. Be3 Bxf3 8. gxf3 e5 9. d5 Na5 10. f4 Bd6 11. fxe5 Bxe5 12. Qc2 Qd6 13. Rg1 0-0 14. Bh6 Nh5 15. Be3 Nf4 16. Be2 Rfe8 17. 0-0-0 b5 18. Rg4 Nb3+ 19. Kb1 Rab8 20. Rdg1 g6 21. axb5 axb5 22. Nxb5 Rxb5 23. Bxc4 Rb7 24. Bxb3 Reb8 25. Bxf4 Bxf4 26. Bc4 Be5 27. b3 Qa3 28. Qa2 Rxb3+ 29. Bxb3 Rxb3+ 30. Qxb3 Qxb3+ 31. Kc1 Bc3 32. f4 Qb2+ 33. Kd1 Qd2# 0-1

[Event "Titled Tuesday intern op 03rd Jan Late"]
[Site "Chess.com INT"]
[Date "2025.06.03"]
[Round "3"]
[White "Kislinsky, Alexey"]
[Black "Mahdavi, Reza"]
[Result "1-0"]
[WhiteElo "2350"]
[BlackElo "2445"]
[PlyCount "104"]
[EventDate "2025.06.03"]
[EventType "swiss (blitz)"]
[EventRounds "11"]
[EventCountry "USA"]
[SourceTitle "CB24_2025"]
[SourceDate "2025.06.11"]
[SourceVersion "1"]
[SourceVersionDate "2025.06.11"]
[SourceQuality "1"]

1. d4 Nf6 2. c4 g6 3. Nc3 Bg7 4. e4 d6 5. Be2 0-0 6. Nf3 e5 7. 0-0 Nbd7 8. Qc2 Qe7 9. Rd1 c6 10. Bg5 h6 11. Be3 Ng4 12. Bc1 exd4 13. Nxd4 Qh4 14. Bxg4 Qxg4 15. f3 Qh4 16. Be3 Re8 17. Bf2 Qe7 18. b3 Nf6 19. Rd2 Nh5 20. Nde2 Be5 21. Rad1 Be6 22. g3 g5 23. Kg2 a6 24. Nd4 Qf6 25. Nxe6 fxe6 26. Ne2 Rf8 27. Qd3 c5 28. Rf1 Rf7 29. Be1 Raf8 30. Rd1 Qg6 31. Bc3 Nf6 32. Bxe5 dxe5 33. h3 h5 34. g4 hxg4 35. hxg4 b5 36. Ng3 bxc4 37. Qxc4 Ne8 38. Rd8 Ng7 39. Rxf8+ Rxf8 40. Qxc5 Qf7 41. Qxe5 Qg6 42. Rd1 Qf7 43. Rd3 Qg6 44. Rd7 Rf7 45. Rxf7 Kxf7 46. Qc7+ Kg8 47. Qe7 a5 48. a3 Kh7 49. Nh5 Kh6 50. Qxg7+ Qxg7 51. Nxg7 Kxg7 52. b4 Kf6 1-0

[Event "Titled Tuesday intern op 25th Feb Early"]
[Site "Chess.com INT"]
[Date "2025.02.25"]
[Round "10"]
[White "Alvarado Diaz, Alejandro"]
[Black "Kislinsky, Alexey"]
[Result "0-1"]
[WhiteElo "2484"]
[BlackElo "2350"]
[PlyCount "76"]
[EventDate "2025.02.25"]
[EventType "swiss (blitz)"]
[EventRounds "11"]
[EventCountry "USA"]
[SourceTitle "CB10_2025"]
[SourceDate "2025.03.05"]
[SourceVersion "1"]
[SourceVersionDate "2025.03.05"]
[SourceQuality "1"]

1. Nc3 Nf6 2. a3 c5 3. e4 Nc6 4. Nf3 g6 5. Bc4 Bg7 6. d3 d6 7. h3 0-0 8. 0-0 h6 9. Ne2 d5 10. exd5 Nxd5 11. Ng3 b6 12. Re1 Bb7 13. c3 e6 14. Qc2 Qc7 15. Bd2 Rad8 16. Rad1 Nf4 17. b4 Ne7 18. Ne4 g5 19. bxc5 bxc5 20. Be3 Nf5 21. Bc1 Rd7 22. a4 Rfd8 23. Ba3 Bxe4 24. dxe4 Ne7 25. Rxd7 Rxd7 26. Rb1 Neg6 27. Rb5 Bf8 28. Bf1 Qd8 29. Bxc5 Bxc5 30. Rxc5 Qf6 31. Nh2 Ne5 32. g3 Nfd3 33. Rc8+ Kg7 34. Ng4 Nxg4 35. hxg4 Ne5 36. Qe2 Rd2 37. Kg2 Rxe2 38. Bxe2 Qe7 0-1

[Event "Titled Tuesday intern op 25th Feb Early"]
[Site "Chess.com INT"]
[Date "2025.02.25"]
[Round "1"]
[White "Kislinsky, Alexey"]
[Black "La Villa Rivas, Marlon Javier"]
[Result "1-0"]
[WhiteElo "2350"]
[BlackElo "2258"]
[PlyCount "93"]
[EventDate "2025.02.25"]
[EventType "swiss (blitz)"]
[EventRounds "11"]
[EventCountry "USA"]
[SourceTitle "CB10_2025"]
[SourceDate "2025.03.05"]
[SourceVersion "1"]
[SourceVersionDate "2025.03.05"]
[SourceQuality "1"]

1. e4 e6 2. d4 d5 3. e5 c5 4. c3 Bd7 5. Nf3 Qb6 6. Be2 cxd4 7. cxd4 Bb5 8. Nc3 Bb4 9. 0-0 Bxc3 10. bxc3 Bxe2 11. Qxe2 Qa6 12. Qd2 h6 13. Qf4 Ne7 14. a4 Nbc6 15. Ba3 0-0 16. g4 f6 17. exf6 Rxf6 18. Qe3 Ng6 19. g5 hxg5 20. Nxg5 Nf4 21. Kh1 Qd3 22. Qxd3 Nxd3 23. f3 e5 24. Rad1 Nf4 25. Rfe1 exd4 26. cxd4 Rg6 27. Rg1 Re8 28. Rg4 Rf6 29. h4 Re3 30. Bc1 Rd3 31. Re1 Rxd4 32. Re8+ Rf8 33. Rxf8+ Kxf8 34. Rxf4+ Rxf4 35. Bxf4 Ke7 36. Kg2 a6 37. Kg3 b5 38. axb5 axb5 39. Bc1 Na5 40. Bb2 Nc4 41. Bxg7 b4 42. h5 b3 43. h6 Nd6 44. h7 Nf5+ 45. Kg4 Nxg7 46. h8Q Kf6 47. Qh6+ 1-0

[Event "Titled Tuesday intern op 25th Feb Early"]
[Site "Chess.com INT"]
[Date "2025.02.25"]
[Round "6"]
[White "Lianes Garcia, Marcos"]
[Black "Kislinsky, Alexey"]
[Result "0-1"]
[WhiteElo "2387"]
[BlackElo "2350"]
[PlyCount "101"]
[EventDate "2025.02.25"]
[EventType "swiss (blitz)"]
[EventRounds "11"]
[EventCountry "USA"]
[SourceTitle "CB10_2025"]
[SourceDate "2025.03.05"]
[SourceVersion "1"]
[SourceVersionDate "2025.03.05"]
[SourceQuality "1"]

1. e4 c5 2. g3 Nc6 3. Bg2 g6 4. Ne2 Bg7 5. c3 Nf6 6. d4 cxd4 7. cxd4 d6 8. h3 0-0 9. Nbc3 Bd7 10. 0-0 a6 11. Be3 Rc8 12. f4 e6 13. e5 dxe5 14. dxe5 Nd5 15. Nxd5 exd5 16. Bc5 Re8 17. Qxd5 Ne7 18. Qd4 Nf5 19. Qf2 Bb5 20. Rfd1 Qa5 21. Nc3 Bc6 22. Bb6 Qb4 23. g4 Bxg2 24. Kxg2 Nh4+ 25. Kg3 g5 26. fxg5 Ng6 27. Bd4 Rcd8 28. Kg2 Bxe5 29. Bxe5 Nxe5 30. a3 Qc4 31. Rxd8 Rxd8 32. Rf1 Qc6+ 33. Kg1 Rd3 34. Rd1 Rxh3 35. Rd8+ Kg7 36. Qf6+ Qxf6 37. gxf6+ Kxf6 38. Rb8 Nxg4 39. Rxb7 Rd3 40. Kg2 h5 41. Rb6+ Kf5 42. Rxa6 h4 43. Ra5+ Kg6 44. Ne4 h3+ 45. Kf1 f5 46. Ra6+ Kg7 47. Ng5 h2 48. Ne6+ Kg8 49. Ra8+ Kh7 50. Ng5+ Kg6 51. Rh8 0-1

[Event "Titled Tuesday intern op 11th Feb Early"]
[Site "Chess.com INT"]
[Date "2025.02.11"]
[Round "9"]
[White "Kislinsky, Alexey"]
[Black "Janik, Igor"]
[Result "0-1"]
[WhiteElo "2350"]
[BlackElo "2521"]
[PlyCount "84"]
[EventDate "2025.02.11"]
[EventType "swiss (blitz)"]
[EventRounds "11"]
[EventCountry "USA"]
[SourceTitle "CB09_2025"]
[SourceDate "2025.02.27"]
[SourceVersion "1"]
[SourceVersionDate "2025.02.27"]
[SourceQuality "1"]

1. e4 c6 2. d4 d5 3. exd5 cxd5 4. c4 Nf6 5. Nc3 Nc6 6. Nf3 Bg4 7. cxd5 Nxd5 8. Qb3 Bxf3 9. gxf3 e6 10. Qxb7 Nxd4 11. Bb5+ Nxb5 12. Qc6+ Ke7 13. Qc5+ Nd6 14. Nxd5+ Kd7 15. Nc3 Qb6 16. Qh5 Rc8 17. 0-0 Qc5 18. Qg4 Qc4 19. Bf4 h5 20. Qg3 Nf5 21. Rfd1+ Ke8 22. b3 Qxc3 23. Qg2 Ba3 24. Qf1 Kf8 25. Rac1 Bxc1 26. Rxc1 Qxc1 27. Bxc1 Kg8 28. Bf4 Kh7 29. Qa6 Rhd8 30. Qxa7 Kg6 31. Kg2 Rc2 32. a4 Rd4 33. Bg3 Rb4 34. h3 Rxb3 35. h4 Ra3 36. a5 Rca2 37. Bc7 Nxh4+ 38. Kg3 Nf5+ 39. Kf4 Ra4+ 40. Ke5 Re2+ 41. Qe3 Nxe3 42. Kd6 Nd5 0-1

[Event "Titled Tuesday intern op 11th Feb Early"]
[Site "Chess.com INT"]
[Date "2025.02.11"]
[Round "3"]
[White "Kislinsky, Alexey"]
[Black "Nakhbayeva, Guliskhan"]
[Result "1-0"]
[WhiteElo "2350"]
[BlackElo "2326"]
[PlyCount "81"]
[EventDate "2025.02.11"]
[EventType "swiss (blitz)"]
[EventRounds "11"]
[EventCountry "USA"]
[SourceTitle "CB09_2025"]
[SourceDate "2025.02.27"]
[SourceVersion "1"]
[SourceVersionDate "2025.02.27"]
[SourceQuality "1"]

1. e4 e6 2. d3 c5 3. g3 Nc6 4. Bg2 g6 5. Nc3 Bg7 6. Be3 Nge7 7. Qd2 d6 8. Bh6 0-0 9. h4 Re8 10. Bxg7 Kxg7 11. h5 Ng8 12. hxg6 fxg6 13. Nge2 e5 14. 0-0-0 b5 15. f4 b4 16. Nd5 Be6 17. Kb1 Bxd5 18. exd5 Nd4 19. fxe5 Nxe2 20. Qxe2 Rxe5 21. Be4 Nf6 22. Qd2 Qe7 23. Qh6+ Kg8 24. Bxg6 Rf8 25. Be4 Qg7 26. Qh4 Rfe8 27. Bf3 Nxd5 28. Bxd5+ Rxd5 29. Qc4 Qf7 30. Rdf1 Qe6 31. b3 Re5 32. Qh4 Qe7 33. Qg4+ Rg5 34. Qc4+ Qe6 35. Qf4 Rg7 36. Rh5 Qe7 37. Rf5 Kh8 38. Qh6 Kg8 39. g4 d5 40. g5 d4 41. Qc6 1-0

[Event "Titled Tuesday intern op 11th Feb Early"]
[Site "Chess.com INT"]
[Date "2025.02.11"]
[Round "2"]
[White "Milare, Tyron"]
[Black "Kislinsky, Alexey"]
[Result "1-0"]
[WhiteElo "2260"]
[BlackElo "2350"]
[PlyCount "107"]
[EventDate "2025.02.11"]
[EventType "swiss (blitz)"]
[EventRounds "11"]
[EventCountry "USA"]
[SourceTitle "CB09_2025"]
[SourceDate "2025.02.27"]
[SourceVersion "1"]
[SourceVersionDate "2025.02.27"]
[SourceQuality "1"]

1. d4 Nf6 2. Nf3 g6 3. c4 Bg7 4. Nc3 0-0 5. e4 d6 6. h3 c5 7. d5 e6 8. Bd3 Nbd7 9. 0-0 e5 10. Rb1 Kh8 11. a3 Ng8 12. b4 b6 13. Bg5 f6 14. Be3 f5 15. Bg5 Bf6 16. Bxf6+ Qxf6 17. bxc5 Nxc5 18. exf5 gxf5 19. Bc2 Bd7 20. Nh2 Ne7 21. f4 e4 22. Ne2 Rg8 23. Qd4 Raf8 24. Kh1 Ng6 25. Qxf6+ Rxf6 26. g4 Nh4 27. g5 Rff8 28. Rg1 Rc8 29. Nf1 Ba4 30. Bxa4 Nxa4 31. Ne3 Nc5 32. Nd4 Rgf8 33. Nb5 Rcd8 34. Nxa7 Nd3 35. Rgf1 Nf3 36. Ng2 Nd2 37. Rfd1 Nxc4 38. Kg1 Nxa3 39. Rxb6 Rb8 40. Rxb8 Rxb8 41. Nc6 Rb2 42. Ne7 Nc4 43. Nxf5 Kg8 44. h4 Kf7 45. h5 Ra2 46. Nh6+ Ke8 47. Ng4 Kd7 48. f5 Nde5 49. Nxe5+ dxe5 50. g6 hxg6 51. h6 gxf5 52. h7 Ra3 53. h8Q Ra8 54. Qg7+ 1-0

[Event "Titled Tuesday intern op 04th Feb Early"]
[Site "Chess.com INT"]
[Date "2025.02.04"]
[Round "8"]
[White "Garv, Gaur"]
[Black "Kislinsky, Alexey"]
[Result "0-1"]
[WhiteElo "2374"]
[BlackElo "2350"]
[PlyCount "86"]
[EventDate "2025.02.04"]
[EventType "swiss (blitz)"]
[EventRounds "11"]
[EventCountry "USA"]
[SourceTitle "CB07_2025"]
[SourceDate "2025.02.12"]
[SourceVersion "1"]
[SourceVersionDate "2025.02.12"]
[SourceQuality "1"]

1. Nf3 d6 2. d4 g6 3. c4 Bh6 4. Bxh6 Nxh6 5. Nc3 0-0 6. e4 f5 7. e5 Nf7 8. exd6 exd6 9. Be2 Nd7 10. 0-0 Nf6 11. d5 c5 12. dxc6 bxc6 13. Qd4 c5 14. Qd2 Bb7 15. Rad1 Ne4 16. Qc2 Qf6 17. Nd5 Bxd5 18. Rxd5 Rab8 19. b3 Rfe8 20. Rd3 Re6 21. Rfd1 Rbe8 22. Bf1 g5 23. Nd2 h6 24. Rf3 f4 25. Nxe4 Rxe4 26. Rfd3 Kg7 27. Qd2 R8e6 28. Rd5 g4 29. Bd3 R4e5 30. Bf1 f3 31. g3 Ng5 32. h4 gxh3 33. Rxd6 Rxd6 34. Qxd6 Qxd6 35. Rxd6 Re1 36. Rd3 Rxf1+ 37. Kxf1 h2 38. Rd7+ Kg6 39. Rd6+ Kh5 40. g4+ Kxg4 41. Rxh6 Nh3 42. Rg6+ Kh5 43. Rg3 h1Q+ 0-1

[Event "Titled Tuesday intern op 04th Feb Early"]
[Site "Chess.com INT"]
[Date "2025.02.04"]
[Round "4"]
[White "Kislinsky, Alexey"]
[Black "Carnicelli, Valerio"]
[Result "1-0"]
[WhiteElo "2350"]
[BlackElo "2378"]
[PlyCount "119"]
[EventDate "2025.02.04"]
[EventType "swiss (blitz)"]
[EventRounds "11"]
[EventCountry "USA"]
[SourceTitle "CB07_2025"]
[SourceDate "2025.02.12"]
[SourceVersion "1"]
[SourceVersionDate "2025.02.12"]
[SourceQuality "1"]

1. e4 c5 2. c3 Nf6 3. e5 Nd5 4. Bc4 Nb6 5. Bb3 c4 6. Bc2 d6 7. exd6 Qxd6 8. Nf3 g6 9. 0-0 Bg7 10. Na3 0-0 11. b3 cxb3 12. axb3 Nc6 13. Nc4 Nxc4 14. bxc4 Rd8 15. d4 Bg4 16. h3 Bxf3 17. Qxf3 e5 18. Ba3 Qf6 19. Qxf6 Bxf6 20. d5 Na5 21. Bd3 e4 22. Bxe4 Nxc4 23. Rfc1 Nd2 24. f3 Nb3 25. Rab1 Nxc1 26. Bxc1 b6 27. c4 Rac8 28. Bd3 Re8 29. Bf4 Be5 30. Bh6 Bd4+ 31. Kf1 a5 32. Bg5 Bc5 33. Bc2 Bb4 34. Ba4 Re5 35. f4 Re4 36. Bb5 f6 37. Bh6 Kf7 38. Rd1 Bd6 39. g3 Rc5 40. Kg2 Rexc4 41. Bxc4 Rxc4 42. Rb1 Bc5 43. f5 g5 44. h4 gxh4 45. Bf4 hxg3 46. Kxg3 Rc3+ 47. Kg4 Rc4 48. Kf3 Rd4 49. Rh1 Kg8 50. Rg1+ Kf7 51. Rh1 Rxd5 52. Rxh7+ Ke8 53. Rb7 Rxf5 54. Ke4 Rh5 55. Ra7 Rh4 56. Kf5 Kd8 57. Bg3 Rh3 58. Bf4 Rd3 59. Ke6 Rd4 60. Ra8# 1-0

[Event "Titled Tuesday intern op 04th Feb Early"]
[Site "Chess.com INT"]
[Date "2025.02.04"]
[Round "6"]
[White "Kislinsky, Alexey"]
[Black "Gokerkan, Cem Kaan"]
[Result "0-1"]
[WhiteElo "2350"]
[BlackElo "2473"]
[PlyCount "84"]
[EventDate "2025.02.04"]
[EventType "swiss (blitz)"]
[EventRounds "11"]
[EventCountry "USA"]
[SourceTitle "CB07_2025"]
[SourceDate "2025.02.12"]
[SourceVersion "1"]
[SourceVersionDate "2025.02.12"]
[SourceQuality "1"]

1. e4 c5 2. c3 d5 3. exd5 Nf6 4. d4 cxd4 5. cxd4 Nxd5 6. Nc3 Nc6 7. Nf3 Bf5 8. Bc4 e6 9. 0-0 Be7 10. h3 0-0 11. Re1 Rc8 12. Bxd5 exd5 13. a3 Be6 14. Bf4 Qb6 15. Na4 Qb5 16. Rc1 Na5 17. Nc5 Bxc5 18. dxc5 Qxb2 19. Nd4 Nc4 20. Nxe6 fxe6 21. Qg4 e5 22. Bg3 Rxc5 23. Kh1 Qxa3 24. Qe6+ Kh8 25. Rcd1 d4 26. Qe7 Rcc8 27. Qxa3 Nxa3 28. Rxe5 Rfd8 29. Re7 Nc4 30. Rxb7 d3 31. Kh2 d2 32. Bf4 h6 33. Rxa7 Rd4 34. Be3 Rd3 35. Ra2 Rcd8 36. Bf4 g5 37. Bg3 Kh7 38. Rc2 R8d4 39. f3 Ne3 40. Rc7+ Kg6 41. Rb1 d1Q 42. Rb6+ Kh5 0-1

[Event "Titled Tuesday intern op 28th Jan Early"]
[Site "Chess.com INT"]
[Date "2025.01.28"]
[Round "6"]
[White "Kislinsky, Alexey"]
[Black "Ter Sahakyan, Samvel"]
[Result "1-0"]
[WhiteElo "2350"]
[BlackElo "2611"]
[PlyCount "81"]
[EventDate "2025.01.28"]
[EventType "swiss (blitz)"]
[EventRounds "11"]
[EventCountry "USA"]
[SourceTitle "CB06_2025"]
[SourceDate "2025.02.05"]
[SourceVersion "1"]
[SourceVersionDate "2025.02.05"]
[SourceQuality "1"]

1. e4 e5 2. Nc3 Nf6 3. d4 exd4 4. Qxd4 Nc6 5. Qd3 d5 6. Bf4 d4 7. Nb5 Bb4+ 8. c3 dxc3 9. Qxd8+ Kxd8 10. bxc3 Ba5 11. 0-0-0+ Bd7 12. f3 a6 13. Nd4 Nxd4 14. cxd4 Ba4 15. Rd3 Bb5 16. Rd1 c6 17. Nh3 Ke7 18. Kb2 Nd7 19. Bd3 Nb6 20. Bc2 Na4+ 21. Bxa4 Bxa4 22. Rc1 Rhd8 23. Bg5+ f6 24. Be3 Bb6 25. Ka3 Bxd4 26. Bd2 Bb2+ 27. Kxb2 Rxd2+ 28. Ka3 Bb5 29. Nf4 Rad8 30. h4 R8d4 31. h5 Ra4+ 32. Kb3 Raxa2 33. Rhe1 a5 34. Kc3 Rd6 35. e5 fxe5 36. Rxe5+ Kf6 37. Rce1 a4 38. h6 gxh6 39. Nh5+ Kf7 40. Re7+ Kg6 41. Rg7+ 1-0

[Event "Titled Tuesday intern op 28th Jan Early"]
[Site "Chess.com INT"]
[Date "2025.01.28"]
[Round "5"]
[White "Kislinsky, Alexey"]
[Black "Zepeda Berlanga, Jan Enrique"]
[Result "1-0"]
[WhiteElo "2350"]
[BlackElo "1979"]
[PlyCount "59"]
[EventDate "2025.01.28"]
[EventType "swiss (blitz)"]
[EventRounds "11"]
[EventCountry "USA"]
[SourceTitle "CB06_2025"]
[SourceDate "2025.02.05"]
[SourceVersion "1"]
[SourceVersionDate "2025.02.05"]
[SourceQuality "1"]

1. d4 Nf6 2. Nf3 g6 3. Nc3 Bg7 4. e4 d6 5. h3 0-0 6. Be3 c6 7. a4 e5 8. dxe5 dxe5 9. Qxd8 Rxd8 10. Bc4 Re8 11. Ng5 Be6 12. Nxe6 fxe6 13. 0-0-0 Nbd7 14. Bb3 h5 15. f3 Kh7 16. g4 b6 17. g5 Nf8 18. gxf6 Bxf6 19. h4 Rad8 20. Bg5 Bxg5+ 21. hxg5 Nd7 22. Rd6 Nc5 23. Rhd1 Rc8 24. Ne2 Rc7 25. Ng1 Rf8 26. Bc4 Re8 27. b4 Nxa4 28. Rxe6 Rf8 29. Rd3 c5 30. Bb5 1-0

[Event "Titled Tuesday intern op 14th Jan Early"]
[Site "Chess.com INT"]
[Date "2025.01.14"]
[Round "3"]
[White "Hoffmann, Asa"]
[Black "Kislinsky, Alexey"]
[Result "0-1"]
[WhiteElo "2178"]
[BlackElo "2350"]
[PlyCount "100"]
[EventDate "2025.01.14"]
[EventType "swiss (blitz)"]
[EventRounds "11"]
[EventCountry "USA"]
[SourceTitle "CB04_2025"]
[SourceDate "2025.01.22"]
[SourceVersion "1"]
[SourceVersionDate "2025.01.22"]
[SourceQuality "1"]

1. d4 e6 2. e4 d5 3. e5 Ne7 4. Nf3 Qd7 5. Bd3 b6 6. Qe2 a5 7. c3 Ba6 8. Bxa6 Nxa6 9. Bf4 c5 10. Nbd2 Nc6 11. a3 Be7 12. 0-0 c4 13. h4 a4 14. h5 0-0-0 15. h6 gxh6 16. Bxh6 Rdg8 17. Qe3 Rg6 18. g3 Bd8 19. Kg2 Ne7 20. Nh4 Rgg8 21. Bg5 Nf5 22. Nxf5 Bxg5 23. Nd6+ Qxd6 24. exd6 Bxe3 25. fxe3 f5 26. Nf3 Rg7 27. Ne5 Rhg8 28. Rf3 Rd8 29. d7+ Kc7 30. Rh1 Nb8 31. Rh6 Re7 32. g4 fxg4 33. Rff6 Nxd7 34. Nxd7 Kxd7 35. Kg3 Rg8 36. e4 dxe4 37. Rf4 e3 38. Re4 Rg6 39. Rxg6 hxg6 40. Rxe3 Rf7 41. Re2 Rf5 42. Kxg4 Kd6 43. Kg3 e5 44. dxe5+ Rxe5 45. Rf2 Ke6 46. Rf4 b5 47. Rf8 Rg5+ 48. Kh4 Rg2 49. Rg8 Kf5 50. Rb8 Rxb2 0-1

[Event "Titled Tuesday intern op 14th Jan Early"]
[Site "Chess.com INT"]
[Date "2025.01.14"]
[Round "1"]
[White "Kislinsky, Alexey"]
[Black "Nita, Lucian"]
[Result "1-0"]
[WhiteElo "2350"]
[BlackElo "2143"]
[PlyCount "33"]
[EventDate "2025.01.14"]
[EventType "swiss (blitz)"]
[EventRounds "11"]
[EventCountry "USA"]
[SourceTitle "CB04_2025"]
[SourceDate "2025.01.22"]
[SourceVersion "1"]
[SourceVersionDate "2025.01.22"]
[SourceQuality "1"]

1. e4 d6 2. Nc3 Nf6 3. f4 d5 4. e5 d4 5. exf6 dxc3 6. Qh5 cxd2+ 7. Bxd2 exf6 8. 0-0-0 Be7 9. Bc4 0-0 10. Bc3 Nd7 11. Nf3 Bd6 12. g3 Nb6 13. Bd3 g6 14. Qh6 Bg4 15. Ng5 Bxf4+ 16. gxf4 fxg5 17. Qg7# 1-0

[Event "Titled Tuesday intern op 07th Jan Early"]
[Site "Chess.com INT"]
[Date "2025.01.07"]
[Round "8"]
[White "Filindash, Nikita"]
[Black "Kislinsky, Alexey"]
[Result "1/2-1/2"]
[WhiteElo "2072"]
[BlackElo "2350"]
[PlyCount "30"]
[EventDate "2025.01.07"]
[EventType "swiss (blitz)"]
[EventRounds "11"]
[EventCountry "USA"]
[SourceTitle "CB03_2025"]
[SourceDate "2025.01.15"]
[SourceVersion "1"]
[SourceVersionDate "2025.01.15"]
[SourceQuality "1"]

1. d4 e6 2. c4 f5 3. Nc3 Nf6 4. g3 c6 5. Bg2 Be7 6. Nh3 h6 7. Nf4 d5 8. 0-0 Bd7 9. Ng6 Rg8 10. cxd5 cxd5 11. Bf4 Kf7 12. Ne5+ Ke8 13. Ng6 Kf7 14. Ne5+ Ke8 15. Ng6 Kf7 1/2-1/2

[Event "Morshyn Saint Charbel Cup 2nd"]
[Site "Morshyn"]
[Date "2024.10.13"]
[Round "9"]
[White "Kislinsky, Alexey"]
[Black "Oleksienko, Mikhailo"]
[Result "0-1"]
[WhiteElo "2355"]
[BlackElo "2572"]
[PlyCount "102"]
[EventDate "2024.10.08"]
[EventType "tourn"]
[EventRounds "9"]
[EventCountry "UKR"]
[EventCategory "6"]
[SourceTitle "CB43_2024"]
[Source "Chessbase"]
[SourceDate "2024.10.23"]
[SourceVersion "1"]
[SourceVersionDate "2024.10.23"]
[SourceQuality "1"]

1. e4 c5 2. Nf3 e6 3. c3 d5 4. exd5 Qxd5 5. d4 Nf6 6. a3 Be7 7. Be3 0-0 8. Bd3 Ng4 9. 0-0 Nxe3 10. fxe3 Nc6 11. Nbd2 Qd8 12. Qc2 g6 13. Rad1 b6 14. Nc4 Qc7 15. Nfe5 Nxe5 16. Nxe5 Bd6 17. Nf3 e5 18. dxe5 Bxe5 19. Bc4 Bg4 20. h3 Bxf3 21. Rxf3 Rad8 22. e4 Kg7 23. Rdf1 Rd7 24. Qb3 f6 25. Bd5 Rd6 26. Kh1 a6 27. Qc2 c4 28. g4 b5 29. Qg2 Rh8 30. R1f2 Qd8 31. g5 f5 32. Rf1 f4 33. Rxf4 Bxf4 34. Rxf4 Rf8 35. Qd2 Rxf4 36. Qxf4 Qe7 37. h4 Rd8 38. Qf2 h6 39. Qd4+ Kh7 40. Qf6 Qxf6 41. gxf6 Rd6 42. f7 Kg7 43. Kg2 Rf6 44. Kg3 Rf1 45. a4 Rb1 46. axb5 axb5 47. Kf4 Rxb2 48. Ke5 Rd2 49. Kd6 b4 50. Ke7 Rf2 51. Be6 Rxf7+ 0-1

[Event "Morshyn Saint Charbel Cup 2nd"]
[Site "Morshyn"]
[Date "2024.10.10"]
[Round "5"]
[White "Kislinsky, Alexey"]
[Black "Grekh, Andrey"]
[Result "1/2-1/2"]
[WhiteElo "2355"]
[BlackElo "2388"]
[PlyCount "67"]
[EventDate "2024.10.08"]
[EventType "tourn"]
[EventRounds "9"]
[EventCountry "UKR"]
[EventCategory "6"]
[SourceTitle "CB43_2024"]
[Source "Chessbase"]
[SourceDate "2024.10.23"]
[SourceVersion "1"]
[SourceVersionDate "2024.10.23"]
[SourceQuality "1"]

1. e4 c5 2. Nf3 e6 3. c3 d5 4. e5 d4 5. g3 Bd7 6. Bg2 Bc6 7. d3 dxc3 8. Nxc3 Ne7 9. 0-0 Nf5 10. b3 Na6 11. g4 Nd4 12. Nxd4 Qxd4 13. Bxc6+ bxc6 14. Qf3 Nb4 15. Nb5 Qd8 16. Ba3 cxb5 17. Bxb4 Rc8 18. Bd2 Be7 19. a4 b4 20. Rac1 0-0 21. Rc4 Rc7 22. Rd1 Rd7 23. Bc1 Rd5 24. Qe4 f6 25. exf6 Bxf6 26. Be3 Qd6 27. Kg2 a5 28. Rd2 Bc3 29. Rd1 Bf6 30. Kg1 Re5 31. Bf4 Rxe4 32. Bxd6 Rxc4 33. dxc4 Rd8 34. Kg2 1/2-1/2